LEADER 01236nam a2200325 i 4500 001 991000882649707536 005 20020507175151.0 008 951030s1977 uk ||| | eng 020 $a0273010220 035 $ab10770550-39ule_inst 035 $aLE01303773$9ExL 040 $aDip.to Matematica$beng 082 0 $a515.35 084 $aAMS 35A40 100 1 $aSigillito, V. G.$041523 245 10$aExplicit a priori inequalities with applications to boundary value problems /$cV. G. Sigillito 260 $aLondon :$bPitman Publishing,$cc1977 300 $a103 p. ;$c25 cm. 490 0 $aPitman research notes in mathematics series, ISSN 02693674 ;$v13 500 $aBibliography: p. 99-103 650 4$aBoundary value problems 650 4$aElliptic differential equations 650 4$aInequalities 650 4$aParabolic differential equations 907 $a.b10770550$b23-02-17$c28-06-02 912 $a991000882649707536 945 $aLE013 35A SIG11 (1977)$g1$i2013000038940$lle013$o-$pE0.00$q-$rl$s- $t0$u0$v0$w0$x0$y.i10868975$z28-06-02 996 $aExplicit a priori inequalities with applications to boundary value problems$9348741 997 $aUNISALENTO 998 $ale013$b01-01-95$cm$da $e-$feng$guk $h0$i1 LEADER 02237oam 2200553 450 001 9910707297403321 005 20160520125728.0 035 $a(CKB)5470000002462529 035 $a(OCoLC)891382463 035 $a(EXLCZ)995470000002462529 100 $a20140926d1968 ua 0 101 0 $aeng 135 $aurmn||||||||| 181 $ctxt$2rdacontent 182 $cc$2rdamedia 183 $acr$2rdacarrier 200 10$aTertiary volcanic stratigraphy in the Powderhorn-Black Canyon region, Gunnison and Montrose Counties, Colorado $enomenclature, lithology, and stratigraphic relations of a sequence of ash-flow tuffs, flows, and breccia /$fby J.C. Olson, D.C. Hedlund, and W.R. Hansen 210 1$a[Washington, D.C.] :$cUnited States Department of the Interior, Geological Survey,$d1968. 210 2$aWashington :$cUnited States Government Printing Office. 215 $a1 online resource (iv, 29 pages, 1 page of plates) $cillustrations, maps (some color) 225 1 $aGeological Survey bulletin ;$v1251-C 225 1 $aContributions to general geology 300 $aTitle from title screen (viewed September 15, 2014). 320 $aIncludes bibliographical references (pages 28-29). 517 $aTertiary volcanic stratigraphy in the Powderhorn-Black Canyon region, Gunnison and Montrose Counties, Colorado 606 $aGeology$zColorado 606 $aGeology, Stratigraphic$yTertiary 606 $aGeology$2fast 606 $aGeology, Stratigraphic$2fast 606 $aTertiary Geologic Period$2fast 607 $aColorado$2fast 615 0$aGeology 615 0$aGeology, Stratigraphic 615 7$aGeology. 615 7$aGeology, Stratigraphic. 615 7$aTertiary Geologic Period. 700 $aOlson$b J. C$g(Jerry Chipman),$f1917-2013,$01392464 702 $aHansen$b Wallace R.$f1920- 702 $aHedlund$b David Carl$f1924- 712 02$aGeological Survey (U.S.), 801 0$bCOP 801 1$bCOP 801 2$bOCLCO 801 2$bOCLCF 801 2$bGPO 906 $aBOOK 912 $a9910707297403321 996 $aTertiary volcanic stratigraphy in the Powderhorn-Black Canyon region, Gunnison and Montrose Counties, Colorado$93538592 997 $aUNINA